Państwa Katolickie W Ameryce - Statystyki

Ogólne statystyki
  • Ten quiz został rozwiązany 18 razy
  • Średni wynik to 5 z 8
Statystyki odpowiedzi
Ile % Odpowiedź % Poprawnych
96 101 000 - 101 302 000 74 - 78 Meksyk
100%
20 000 000 - 23 360 000 64.2 - 73 Wenezuela
76%
34 000 000 - 37 900 000 70.9 - 79 Kolumbia
71%
24 600 000 74 - 76 Peru
71%
7 980 000 70 - 77 Boliwia
59%
11 265 523 69.5 - 80.4 Ekwador
59%
6 000 000 88.3 - 89 Paragwaj
59%
101 500 61.3 Saint Lucia
35%
Nie znaleziono quizów pasujących do podanych kryteriów
Rozkład punktacji
Procent ludzi z każdym wynikiem
Percentyl według liczby udzielonych odpowiedzi
Twoja historia wyników
Nie rozwiązałeś tego quizu